| LEADER 00000nam 2200000uu 4500 |
| 001 212524 |
| 003 ULIBM |
| 008 190705s||||||||th 000 0 tha d |
| 020 ^a9786162820397
|
| 040 ^abcnkk
|
| 041 ^atha
|
| 050 4 ^aT58.6^bล831ร 2560
|
| 100 1 ^aเลาดอน, เคนเนท
|
| 245 10 ^aระบบสารสนเทศเพื่อการจัดการ =^bManagement information systems/^cKenneth C. Laudon, Jane P. Laudon ; สัลยุทธ์ สว่างวรรณ,ผู้แปล
|
| 246 31 ^aManagement information systems
|
| 260 ^aกรุงเทพฯ :^bท้อป,^c2560
|
| 300 ^a568 หน้า :^bภาพประกอบ ;^c29 ซม.
|
| 650 4 ^aการจัดการทรัพยากรสารสนเทศ
|
| 650 4 ^aระบบข้อสนเทศเพื่อการจัดการ
|
| 650 0 ^aระบบข้อสนเทศ
|
| 700 0 ^aสัลยุทธ์ สว่างวรรณ, ^eผู้แปล
|
| 999 ^aใช้งานได้ทุกระบบ
|